MARC details
| 000 -LEADER |
| fixed length control field |
02013cam a2200529 a 4500 |
| 001 - CONTROL NUMBER |
| control field |
20164 |
| 003 - CONTROL NUMBER IDENTIFIER |
| control field |
VRT |
| 005 - DATE AND TIME OF LATEST TRANSACTION |
| control field |
20260117150021.0 |
| 008 - FIXED-LENGTH DATA ELEMENTS--GENERAL INFORMATION |
| fixed length control field |
240226s2003 xo oal grfn 001 0 slo |
| 015 ## - NATIONAL BIBLIOGRAPHY NUMBER |
| National bibliography number |
SNBA2006/06-03115 |
| 020 ## - INTERNATIONAL STANDARD BOOK NUMBER |
| International Standard Book Number |
8088719194 |
| Qualifying information |
(viazané) |
| 035 ## - SYSTEM CONTROL NUMBER |
| System control number |
SNK000432884 |
| 035 ## - SYSTEM CONTROL NUMBER |
| System control number |
urn:nbn:sk:snk-am3j2u0 |
| 035 ## - SYSTEM CONTROL NUMBER |
| System control number |
91778F0E-7771-4005-A648-18E02A654D9F |
| 035 ## - SYSTEM CONTROL NUMBER |
| System control number |
urn:nbn:sk:snk-am00gl5x |
| 039 #9 - LEVEL OF BIBLIOGRAPHIC CONTROL AND CODING DETAIL [OBSOLETE] |
| Level of rules in bibliographic description |
202402261512 |
| Level of effort used to assign nonsubject heading access points |
VLOAD |
| Level of effort used to assign subject headings |
202205091537 |
| Level of effort used to assign classification |
VLOAD |
| Level of effort used to assign subject headings |
202204221235 |
| Level of effort used to assign classification |
VLOAD |
| Level of effort used to assign subject headings |
202112190817 |
| Level of effort used to assign classification |
msnk134 |
| 040 ## - CATALOGING SOURCE |
| Original cataloging agency |
SNK |
| Language of cataloging |
slo |
| Transcribing agency |
SNK |
| Description conventions |
AACR2 |
| 041 1# - LANGUAGE CODE |
| Language code of text/sound track or separate title |
slo |
| Language code of original |
eng |
| 044 ## - COUNTRY OF PUBLISHING/PRODUCING ENTITY CODE |
| MARC country code |
xo |
| ISO country code |
SK |
| 072 #7 - SUBJECT CATEGORY CODE |
| Subject category code |
613 |
| Subject category code subdivision |
Hygiena. Ľudské zdravie |
| Source |
konspekt |
| 080 ## - UNIVERSAL DECIMAL CLASSIFICATION NUMBER |
| Universal Decimal Classification number |
613 |
| Edition identifier |
2011 |
| 080 ## - UNIVERSAL DECIMAL CLASSIFICATION NUMBER |
| Universal Decimal Classification number |
(035) |
| Edition identifier |
2011 |
| 080 ## - UNIVERSAL DECIMAL CLASSIFICATION NUMBER |
| Universal Decimal Classification number |
613.2 |
| Edition identifier |
2011 |
| 100 1# - MAIN ENTRY--PERSONAL NAME |
| Personal name |
Pamplona Roger, Jorge D. |
| Relationship |
aut |
| 240 10 - UNIFORM TITLE |
| Uniform title |
Healthy foods |
| Language of a work |
Slovensky |
| 245 10 - TITLE STATEMENT |
| Title |
Zdravie a sila v potrave |
| Remainder of title |
kniha o správnom a nesprávnom výbere toho, čo jeme |
| Statement of responsibility, etc. |
George D. Pamplona-Roger |
| 250 ## - EDITION STATEMENT |
| Edition statement |
1. vyd. |
| 260 ## - PUBLICATION, DISTRIBUTION, ETC. |
| Place of publication, distribution, etc. |
Vrútky |
| Name of publisher, distributor, etc. |
Advent-Orion |
| Date of publication, distribution, etc. |
2003 |
| 300 ## - PHYSICAL DESCRIPTION |
| Extent |
383 strán |
| Other physical details |
farebné fotografie, ilustrácie, tabuľky |
| Dimensions |
24 cm |
| 490 1# - SERIES STATEMENT |
| Series statement |
Život a zdravie |
| 500 ## - GENERAL NOTE |
| General note |
Farebná fotografia na titulnej strane |
| 500 ## - GENERAL NOTE |
| General note |
Pravdepodobne preložené z angličtiny |
| 504 ## - BIBLIOGRAPHY, ETC. NOTE |
| Bibliography, etc. note |
Bibliografia na strane 369-375 ; register ; zoznam skratiek |
| 650 07 - SUBJECT ADDED ENTRY--TOPICAL TERM |
| Topical term or geographic name entry element |
zdravá výživa |
| Source of heading or term |
SNKPH |
| 650 07 - SUBJECT ADDED ENTRY--TOPICAL TERM |
| Topical term or geographic name entry element |
životospráva |
| Source of heading or term |
SNKPH |
| 650 07 - SUBJECT ADDED ENTRY--TOPICAL TERM |
| Topical term or geographic name entry element |
racionálna výživa |
| Source of heading or term |
SNKPH |
| 655 #7 - INDEX TERM--GENRE/FORM |
| Genre/form data or focus term |
príručky |
| Source of term |
SNKPH |
| 830 #0 - SERIES ADDED ENTRY--UNIFORM TITLE |
| Uniform title |
Život a zdravie |
| 910 ## - USER-OPTION DATA (OCLC) |
| User-option data |
snk |
| 942 ## - ADDED ENTRY ELEMENTS (KOHA) |
| Source of classification or shelving scheme |
Dewey Decimal Classification |
| Koha item type |
Odborná literatúra pre dospelých |
| Suppress in OPAC |
No |
| 949 ## - LOCAL PROCESSING INFORMATION (OCLC) |
| 6 |
2889122726 |
| a |
savukPV 7328 |
| 949 ## - LOCAL PROCESSING INFORMATION (OCLC) |
| 6 |
17A0435288 |
| a |
snkSC 116406 |
| b |
snkKSP 8574/2004 |
| s |
6100:20210720 |
| 949 ## - LOCAL PROCESSING INFORMATION (OCLC) |
| 6 |
17A0435289 |
| 9 |
snkPAM 613.2 |
| a |
snkSC 116406 D1 |
| b |
snkKSP 8575/2004 |
| 949 ## - LOCAL PROCESSING INFORMATION (OCLC) |
| 6 |
270001000249224 |
| a |
svkbbB 35941 |
| b |
svkbbm 656449 |
| p |
656.449 |
| 949 ## - LOCAL PROCESSING INFORMATION (OCLC) |
| 6 |
3869A17978 |
| a |
bpksh613 |
| b |
bpksh60387 |
| 949 ## - LOCAL PROCESSING INFORMATION (OCLC) |
| 6 |
273K0100234 |
| a |
svkpoB 73824 |
| b |
svkpo473668 |
| o |
Poškodená väzba vo vnútri dokumentu |
| q |
Poškodená väzba vo vnútri |
| r |
Poškodená väzba vo vnútri |